000 00731nam a2200217 i 4500
001 53988
003 ES-MaACL
005 20250909203459.0
007 t|
008 031120s2002 sp ||||0| spa d
017 _aM 11823-2002
040 _aM-BN
_bspa
_cM-BN
080 _a821.134.2 Gracián, Baltasar 1.07
245 0 0 _aSesión de investidura de doctor "honoris causa" del Excmo. Sr. Dr. D. Miguel Batllori y Munné.
260 _aMadrid :
_bUniversidad Pontificia Comillas,
_c2002.
300 _a62 p :
_bil. col ;
_c27 cm.
600 1 4 _aGracián, Baltasar,
_d1601-1658-
_xCrítica e interpretación
_959479
700 1 _aBatllori, Miguel.
_926460
852 _aES-MaACL
_jL-26744
_bR.132181
999 _c53988
_d53988